Loading...
| 1 | 1 | 0 | 1 | 25 | 45 | 94.50 | 1 | 2 | 0.00 | 0.00 | |
| Literature - American | 0 | 2 | 1 | 0 | 15 | 111 | 117.00 | 1 | 2 | 0.00 | 0.00 |
| Philosophy | 0 | 2 | 1 | 0 | 15 | 78 | 87.00 | 1 | 2 | 0.00 | 0.00 |
| Literature - European | 0 | 1 | 0 | 0 | 10 | 105 | 105.00 | 0 | 1 | 0.00 | 0.00 |
| World and Other Literature | 0 | 1 | 0 | 0 | 10 | 120 | 120.00 | 1 | 1 | 0.00 | 0.00 |
| Literature - British | 0 | 1 | 0 | 0 | 10 | 136 | 136.00 | 0 | 1 | 0.00 | 0.00 |
| British and Commonwealth History | 0 | 1 | 0 | 0 | 10 | 124 | 124.00 | 1 | 1 | 0.00 | 0.00 |
| Ancient History and Archaeology | 0 | 1 | 0 | 0 | 10 | 108 | 108.00 | 0 | 1 | 0.00 | 0.00 |
| Beliefs | 0 | 0 | 0 | 0 | 0 | 0.00 | 0 | 0 | 0.00 | 0.00 |